Normale Ansicht
MARC-Ansicht
Eintrag Personenname
001 - Kontrollnummer
- Kontrollfeld: 68675
003 - Kontrollnummer Identifier
- Kontrollfeld:
005 - Datum und Zeit der letzten Transaktion
- Kontrollfeld: 20260225094558.0
008 - Datenelemente mit fester Länge
- Kontrollfeld mit fester Länge: 260225|| aca||aabn | a|a d
040 ## - Katalogisierungsquelle
- Original-Katalogisierungsstelle:
- Übertragungsstelle:
100 ## - Ansetzung - Personenname
- Personenname: Šengelia, Kaxa
670 ## - Datenquelle
- Quellenangabe: Work cat.: ()73831: aut Šengelia, Kaxa , Sak'art'velos istoria